[Event "Heusenstamm Sparkassen op-A 2nd"]
[Site "Heusenstamm"]
[Date "2015.11.27"]
[Round "3"]
[White "Schwarz, Dusan"]
[Black "Mueller, Thorsten"]
[Result "0-1"]
[WhiteElo "2315"]
[BlackElo "2112"]
[PlyCount "104"]
[EventDate "2015.11.26"]
[EventType "swiss"]
[EventRounds "7"]
[EventCountry "GER"]
[SourceTitle "EXT 2018"]
[Source "ChessBase"]
[SourceDate "2017.10.13"]
[SourceVersion "1"]
[SourceVersionDate "2017.10.13"]
[SourceQuality "1"]

1. d4 d5 2. c4 c6 3. Nf3 Nf6 4. Nc3 e6 5. Bg5 Nbd7 6. e3 Qa5 7. cxd5 Nxd5 8. Qd2 Bb4 9. Rc1 h6 10. Bh4 0-0 11. Bd3 b6 12. a3 Bxc3 13. bxc3 Ba6 14. 0-0 Bxd3 15. Qxd3 Qxa3 16. e4 Nf4 17. Qe3 Ng6 18. Ra1 Qd6 19. Bg3 Qe7 20. e5 Rfc8 21. Nd2 c5 22. Ne4 cxd4 23. cxd4 Rc6 24. Nd6 Qf8 25. f4 Ne7 26. f5 Rxd6 27. exd6 Nxf5 28. Qe4 Nf6 29. Qe5 a5 30. Rab1 Nxg3 31. Qxg3 Ne4 32. Qe1 Nxd6 33. Rxb6 Qd8 34. Rb1 Nf5 35. Rd1 Qd5 36. Qf2 Ra7 37. g4 Nd6 38. Rde1 Nc4 39. Qf4 Rd7 40. Rd1 a4 41. Rb1 f6 42. Rfd1 a3 43. Rb8+ Kf7 44. Qc1 Qf3 45. Rc8 Qxg4+ 46. Kf2 Qf5+ 47. Kg1 Qg4+ 48. Kf2 Nb2 49. Rg1 Qxd4+ 50. Kf1 Qd3+ 51. Kf2 Nd1+ 52. Ke1 Qe4+ 0-1

[Event "Heusenstamm Sparkassen op-A 2nd"]
[Site "Heusenstamm"]
[Date "2015.11.26"]
[Round "1"]
[White "Marzec, Witold"]
[Black "Mueller, Thorsten"]
[Result "0-1"]
[WhiteElo "1785"]
[BlackElo "2112"]
[PlyCount "58"]
[EventDate "2015.11.26"]
[EventType "swiss"]
[EventRounds "7"]
[EventCountry "GER"]
[SourceTitle "EXT 2018"]
[Source "ChessBase"]
[SourceDate "2017.10.13"]
[SourceVersion "1"]
[SourceVersionDate "2017.10.13"]
[SourceQuality "1"]

1. d4 d5 2. c4 c6 3. Nc3 Nf6 4. e3 Bf5 5. Nf3 e6 6. Be2 Nbd7 7. c5 Be7 8. Bd2 Qc7 9. b4 a6 10. 0-0 Ne4 11. Ne1 e5 12. f3 Nxd2 13. Qxd2 exd4 14. exd4 0-0 15. Bd3 Bxd3 16. Nxd3 Bf6 17. Nf2 g6 18. Ng4 Bg7 19. Rfe1 Rfe8 20. a3 Nf8 21. Rad1 Ne6 22. Ne2 a5 23. Ra1 b6 24. Nf2 axb4 25. cxb6 Qxb6 26. Rab1 Nxd4 27. Nxd4 Rxe1+ 28. Qxe1 Bxd4 29. Rxb4 Bxf2+ 0-1

[Event "Hessenliga 1516"]
[Site "Germany"]
[Date "2015.09.27"]
[Round "1.7"]
[White "Mueller, Thorsten"]
[Black "Bethke, Richard"]
[Result "1-0"]
[WhiteElo "2133"]
[BlackElo "1678"]
[PlyCount "51"]
[EventDate "2015.09.27"]
[EventType "team-tourn"]
[EventRounds "9"]
[EventCountry "GER"]
[SourceTitle "EXT 2018"]
[Source "ChessBase"]
[SourceDate "2017.10.13"]
[SourceVersion "1"]
[SourceVersionDate "2017.10.13"]
[SourceQuality "1"]
[WhiteTeam "Offenbach"]
[BlackTeam "Gelnhausen"]
[WhiteTeamCountry "GER"]
[BlackTeamCountry "GER"]

1. d4 d5 2. Nf3 Nf6 3. Bf4 e6 4. e3 c5 5. c3 Nc6 6. Nbd2 Be7 7. Bd3 0-0 8. Ne5 Re8 9. h4 Bf8 10. Ndf3 Nxe5 11. Nxe5 Nd7 12. Bxh7+ Kxh7 13. Qh5+ Kg8 14. Qxf7+ Kh7 15. Qg6+ Kg8 16. Nf7 Qb6 17. Nh6+ Kh8 18. Qxe8 Qxb2 19. 0-0 gxh6 20. Be5+ Nxe5 21. Qxf8+ Kh7 22. dxe5 Qxc3 23. Rac1 Qxe5 24. Rxc5 Qg7 25. Qd8 Qd7 26. Rc7 1-0